Catholic University of Zimbabwe Library
Online Public Access Catalogue
(OPAC)

Studies in Semitic vocalisation and reading traditions (Record no. 29219)

MARC details
000 -LEADER
fixed length control field 04137nam a2200457 i 4500
001 - CONTROL NUMBER
control field xb30083345
006 - FIXED-LENGTH DATA ELEMENTS--ADDITIONAL MATERIAL CHARACTERISTICS
fixed length control field m d
007 - PHYSICAL DESCRIPTION FIXED FIELD--GENERAL INFORMATION
fixed length control field cr n
008 - FIXED-LENGTH DATA ELEMENTS--GENERAL INFORMATION
fixed length control field 200605t20202020enka sb 000 0 eng d
020 ## - INTERNATIONAL STANDARD BOOK NUMBER
International Standard Book Number 9781783749379
Qualifying information (pdf)
020 ## - INTERNATIONAL STANDARD BOOK NUMBER
Canceled/invalid ISBN 9781783749355 (pbk.)
020 ## - INTERNATIONAL STANDARD BOOK NUMBER
Canceled/invalid ISBN 9781783749362 (hbk.)
022 ## - INTERNATIONAL STANDARD SERIAL NUMBER
Canceled ISSN 2632-6906 (Print)
022 ## - INTERNATIONAL STANDARD SERIAL NUMBER
Canceled ISSN 2632-6914 (Online)
040 ## - CATALOGING SOURCE
Original cataloging agency StSaUL
Language of cataloging eng
Description conventions rda
245 00 - TITLE STATEMENT
Title Studies in Semitic vocalisation and reading traditions
Medium [electronic resource] /
Statement of responsibility, etc. edited by Aaron D. Hornkohl and Geoffrey Khan.
264 #1 - PRODUCTION, PUBLICATION, DISTRIBUTION, MANUFACTURE, AND COPYRIGHT NOTICE
Name of producer, publisher, distributor, manufacturer Open Book Publishers,
300 ## - PHYSICAL DESCRIPTION
Extent 1 online resource (708 pages) :
Other physical details illustrations (some colour)
490 1# - SERIES STATEMENT
Series statement Cambridge Semitic languages and cultures
International Standard Serial Number 2632-6914 ;
Volume/sequential designation vol. 3
500 ## - GENERAL NOTE
General note At head of front cover: Cambridge Semitic languages and cultures.
500 ## - GENERAL NOTE
General note Available through Open Book Publishers.
504 ## - BIBLIOGRAPHY, ETC. NOTE
Bibliography, etc. note Includes bibliographical references.
505 0# - FORMATTED CONTENTS NOTE
Formatted contents note Contents -- Contributors -- Preface / Aaron D. Hornkohl and Geoffrey Khan -- Vowel Quantity and Quality in Neo-Punic and Latin Inscriptions / Robert Crellin and Lucia Tamponi -- The Development of the Hebrew Wayyiqṭol / Benjamin Kantor -- The Representation of Gutturals by Vowels in the LXX / Peter Myers -- Biblical Quotations in the Aramaic Incantation Bowls / Dorota Molin -- The Reflexes of *i and *u* / Benjamin D. Suchard -- Shared Tradition in Syriac, Arabic, and Hebrew Vocalisation / Nick Posegay -- Discord between Tiberian Written and Reading Traditions / Aaron D. Hornkohl -- Qere and Ketiv in the Exegesis of the Karaites and Saadya / Joseph Habib -- Pausal Forms and Prosodic Structure in Tiberian Hebrew / Vincent DeCaen and B. Elan Dresher -- Samuel ben Jacob's Treatment of Exceptional Vocalic Shewas / Kim Phillips -- The Tiberian Tradition in Common Bibles from the Genizah / Benjamin Outhwaite -- Near-Model and Non-Standard Tiberian Torah Manuscripts / Estara Arrant -- The Imperfect Oral Performance of the Tiberian Tradition / Geoffrey Khan -- Variants in Ashkenazic Biblical Manuscripts / Élodie Attia -- The Prosodic Models of Andalusi Hebrew Metrics / José Martínez Delgado -- Marginalia to the Qillirian Rhyme System / Michael Rand -- Index.
506 ## - RESTRICTIONS ON ACCESS NOTE
Terms governing access Open access resource providing free access.
520 ## - SUMMARY, ETC.
Summary, etc. "This volume brings together papers relating to the pronunciation of Semitic languages and the representation of their pronunciation in written form. The papers focus on sources representative of a period that stretches from late antiquity until the Middle Ages. A large proportion of them concern reading traditions of Biblical Hebrew, especially the vocalisation notation systems used to represent them. Also discussed are orthography and the written representation of prosody. Beyond Biblical Hebrew, there are studies concerning Punic, Biblical Aramaic, Syriac, and Arabic, as well as post-biblical traditions of Hebrew such as piyyuṭ and medieval Hebrew poetry. There were many parallels and interactions between these various language traditions and the volume demonstrates that important insights can be gained from such a wide range of perspectives across different historical periods."--Publisher's website.
538 ## - SYSTEM DETAILS NOTE
System details note Mode of access: World Wide Web.
540 ## - TERMS GOVERNING USE AND REPRODUCTION NOTE
Terms governing use and reproduction This work is licensed under a Creative Commons Attribution 4.0 International license (CC BY 4.0). For more detailed information consult the publisher's website.
650 #0 - SUBJECT ADDED ENTRY--TOPICAL TERM
Topical term or geographic name entry element Semitic languages
Form subdivision Texts.
650 #0 - SUBJECT ADDED ENTRY--TOPICAL TERM
Topical term or geographic name entry element Semitic languages
General subdivision Phonetics.
650 #0 - SUBJECT ADDED ENTRY--TOPICAL TERM
Topical term or geographic name entry element Semitic languages
General subdivision Pronunciation.
700 1# - ADDED ENTRY--PERSONAL NAME
Personal name Hornkohl, Aaron D.,
Relator term editor.
700 1# - ADDED ENTRY--PERSONAL NAME
Personal name Khan, Geoffrey,
Relator term editor.
710 2# - ADDED ENTRY--CORPORATE NAME
Corporate name or jurisdiction name as entry element Open Book Publishers,
Relator term publisher.
830 #0 - SERIES ADDED ENTRY--UNIFORM TITLE
Uniform title Semitic languages and cultures ;
Volume/sequential designation v. 3.
International Standard Serial Number 2632-6914
856 40 - ELECTRONIC LOCATION AND ACCESS
Uniform Resource Identifier <a href="http://doi.org/10.11647/OBP.0207">http://doi.org/10.11647/OBP.0207</a>
Public note Connect to e-book
856 42 - ELECTRONIC LOCATION AND ACCESS
Uniform Resource Identifier <a href="https://www.openbookpublishers.com/shopimages/products/cover/1167.jpg">https://www.openbookpublishers.com/shopimages/products/cover/1167.jpg</a>
Public note Connect to cover image
Holdings
Withdrawn status Lost status Source of classification or shelving scheme Damaged status Not for loan Home library Current library Shelving location Date acquired Total Checkouts Date last seen Uniform Resource Identifier Price effective from Koha item type
          Digital Library Digital Library Online Access 15.02.2021   15.02.2021 http://doi.org/10.11647/OBP.0207 15.02.2021 eBook

OPENING HOURS

Weekdays: 0815hrs - 1800hrs
Weekends:0900hrs - 1200hrs

Closed for Mass:

Mon, Thur: 1200hrs - 1300hrs
Sunday & Public Holiday’s

CALL SUPPORT

0242-570570, 0242-570169
09200664, +263 8644140602

LOCATION

18443, Cranborne Avenue, Hatfield, Harare

Other Links


©2021 | CUZ Library